[Event "Ch World (juniors) (under 18)"]
[Site "masterchessopen.com - Vrnjacka Banja (Serbia)"]
[Round "0"]
[White "Janata Michael (CSR)"]
[Black "Bojkovic Slobodan (SRB)"]
[Result "1-0"]
[WhiteElo "2400"]
[BlackElo "2263"]

1.Nf3 d5 2.c4 c6 3.b3 Nf6 4.Bb2 Bf5 5.g3 Nbd7 6.Bg2 e6 7.O-O Bd6 8.d3 Qe7
9.Nbd2 O-O 10.Qc2 h6 11.Rad1 a5 12.e4 dxe4 13.Nxe4 Bxe4 14.dxe4 e5 15.Nh4 Ba3
16.Nf5 Qc5 17.Rd2 a4 18.Rfd1 axb3 19.axb3 Nb6 20.Rd6 Ne8 21.R6d3 Bxb2 22.Qxb2
Rb8 23.Bh3 f6 24.Qd2 Nc7 25.Rd6 Ne8 26.Ne7+ Kf7 27.Rd7 Nxd7 28.Qxd7 {#r} 1-0

[Event "Ch BRD"]
[Site "masterchessopen.com - Bad Aibling (Germany)"]
[Round "1"]
[White "Eising Johannes (GER)"]
[Black "Mohrlock Dieter (GER)"]
[Result "0-1"]
[WhiteElo "2283"]
[BlackElo "2300"]

1.Nf3 d5 2.c4 c6 3.b3 Nf6 4.Bb2 Bg4 5.Ne5 Bh5 6.g3 Nbd7 7.Bg2 Nxe5 8.Bxe5 dxc4
9.bxc4 Nd7 10.Bc3 e5 11.d3 Bc5 12.Nd2 O-O 13.Qb3 Rb8 14.Bb4 f5 15.Bxc5 Nxc5
16.Qc3 Qd6 17.Bf3 Bxf3 18.Nxf3 e4 19.dxe4 fxe4 20.Nd2 e3 21.fxe3 Rbd8 22.Nf3
Ne4 23.Qb2 Qc5 24.O-O Qxe3+ 25.Kg2 Rf6 26.Rae1 Nd2 {#R} 0-1

[Event "It (b)"]
[Site "masterchessopen.com - Trnava (Slovakia)"]
[Round "11"]
[White "Tibensky Robert (SVK)"]
[Black "Hennel Karol (SVK)"]
[Result "1-0"]
[WhiteElo "2410"]
[BlackElo "2076"]

1.c4 c6 2.Nf3 d5 3.b3 Bf5 4.g3 e6 5.Bg2 Nf6 6.O-O Be7 7.d3 h6 8.Bb2 O-O 9.Nbd2
Nbd7 10.Rc1 Qa5 11.a3 Rfc8 12.Re1 b5 13.b4 Qd8 14.cxb5 cxb5 15.Nd4 Bg6 16.N2b3
Qb6 17.Na5 Bd6 18.Ndc6 Ng4 19.Bd4 Qa6 20.e4 Nge5 21.exd5 Nxd3 22.dxe6 Nf6
23.exf7+ Kh7 24.Re6 Nxc1 25.Rxd6 Nd3 26.Bxf6 {#r} 1-0

[Event "Ch OWL"]
[Site "masterchessopen.com - Horn (Germany)"]
[Round "7"]
[White "Becker Norbert (GER)"]
[Black "Kreie Guenther (GER)"]
[Result "0-1"]
[WhiteElo "2196"]
[BlackElo "1939"]

1.Nf3 d5 2.c4 c6 3.b3 Nf6 4.Bb2 Bf5 5.d3 e6 6.g3 Bc5 7.d4 Bb4+ 8.Nbd2 Ne4 9.a3
Bxd2+ 10.Nxd2 Qf6 11.Nxe4 Bxe4 12.f3 Bg6 13.Qd2 O-O 14.Bg2 Qe7 15.O-O Nd7
16.e4 Rfd8 17.Qe3 Rac8 18.cxd5 cxd5 {#R} 0-1

[Event "It (open)"]
[Site "masterchessopen.com - Biel (Switzerland)"]
[Round "2"]
[White "Schlueter Wolfgang (GER)"]
[Black "Miltner Arndt (GER)"]
[Result "0-1"]
[WhiteElo "2256"]
[BlackElo "2320"]

1.Nf3 d5 2.c4 c6 3.b3 Nf6 4.g3 Bg4 5.Ne5 Bh5 6.Bg2 Nbd7 7.Nxd7 Qxd7 8.d4 e6
9.O-O Rd8 10.c5 Be7 11.Nd2 O-O 12.Nf3 Ne4 13.Ne5 Qc7 14.g4 Bxc5 15.Bb2 f6
16.Nd3 Bd6 17.gxh5 Bxh2+ 18.Kh1 Bd6 19.e3 Qe7 20.Qe1 Qf7 21.Qe2 g5 22.Rg1 f5
23.Bxe4 g4 24.Bf3 Qxh5+ {#R} 0-1

[Event "Oberliga NRW 1985/86"]
[Site "masterchessopen.com - Germany"]
[Round "0"]
[White "Wagenknecht Uwe (GER)"]
[Black "Roski Ferdinand (GER)"]
[Result "1-0"]
[WhiteElo "2213"]
[BlackElo "2214"]

1.Nf3 d5 2.c4 c6 3.b3 Nf6 4.Bb2 Bf5 5.g3 e6 6.Bg2 Be7 7.O-O O-O 8.d3 Nbd7
9.Nbd2 b5 10.Nd4 Qb6 11.Nxf5 exf5 12.cxd5 cxd5 13.Nf3 Bd6 14.Qd2 Rfe8 15.Nh4
g6 16.Nxf5 Bf8 17.Nd4 a6 18.Rac1 Ne5 19.Rc2 Rad8 20.Rfc1 Nfg4 21.h3 Bh6 22.f4
Nf6 23.e3 Nh5 24.g4 {#r} 1-0

[Event "Bundesliga 1986/87"]
[Site "masterchessopen.com - Germany"]
[Round "0"]
[White "Ostl Andreas (GER)"]
[Black "Nikolac Juraj (CRO)"]
[Result "0-1"]
[WhiteElo "2270"]
[BlackElo "2438"]

1.Nf3 d5 2.c4 c6 3.b3 Bg4 4.e3 Nd7 5.h3 Bh5 6.Bb2 Ngf6 7.g4 Bg6 8.d3 dxc4
9.bxc4 e5 10.Nh4 Bb4+ 11.Bc3 Qe7 12.Qd2 Bd6 13.Qc2 Nc5 14.Nd2 O-O-O 15.O-O-O
Nxd3+ {#R} 0-1

[Event "corr."]
[Site "masterchessopen.com - Germany"]
[Round "0"]
[White "Bierbach Utz-Friedrich (GER)"]
[Black "Horn Pascal (SUI)"]
[Result "0-1"]
[WhiteElo "1990"]
[BlackElo "2224"]

1.Nf3 d5 2.c4 c6 3.b3 Bg4 4.d4 e6 5.e3 Bb4+ 6.Bd2 Bd6 7.Be2 Nd7 8.Nc3 f5 9.c5
Bc7 10.h3 Bxf3 11.Bxf3 e5 12.Nxd5 cxd5 13.Bxd5 Rb8 14.Bxg8 Rxg8 15.Qh5+ g6
16.Qxh7 Nf6 17.Qh4 g5 18.Qh6 Kf7 19.h4 Rg6 20.hxg5 Rxh6 21.gxh6 Nh7 {#R} 0-1

[Event "It (open)"]
[Site "masterchessopen.com - Dortmund (Germany)"]
[Round "10"]
[White "Schwartzman Gabriel (USA)"]
[Black "Herrmann Michael (GER)"]
[Result "1-0"]
[WhiteElo "2533"]
[BlackElo "2242"]

1.c4 c6 2.Nf3 d5 3.b3 Bf5 4.g3 Nf6 5.Bb2 e6 6.Bg2 h6 7.O-O Be7 8.d3 O-O 9.Nbd2
a5 10.a3 Nbd7 11.Re1 Bh7 12.Bc3 dxc4 13.bxc4 Qc7 14.Qc1 Rfc8 15.Qb2 Ra6
16.Rab1 Rb6 17.Qa1 Rxb1 18.Rxb1 b5 19.Nd4 Bf8 20.Nxc6 {#r} 1-0

[Event "It (open)"]
[Site "masterchessopen.com - Gdynia (Poland)"]
[Round "2"]
[White "Przewoznik Jan (POL)"]
[Black "Stratil Petr (CZE)"]
[Result "1-0"]
[WhiteElo "2381"]
[BlackElo "2125"]

1.Nf3 d5 2.c4 c6 3.b3 Nf6 4.Bb2 Bf5 5.g3 Nbd7 6.Bg2 e6 7.O-O Bd6 8.d3 Qc7
9.Nbd2 h5 10.Rc1 Rd8 11.cxd5 exd5 12.e4 dxe4 13.dxe4 Ng4 14.e5 Ngxe5 15.Qe1
O-O 16.Nxe5 Rfe8 17.Ndc4 Nf6 18.Nxd6 Qxd6 19.Nc4 {#r} 1-0

[Event "Ch BRD (juniors) (open)"]
[Site "masterchessopen.com - Trier (Germany)"]
[Round "7"]
[White "Von Allmen Alain (SUI)"]
[Black "Segers Reinoud"]
[Result "1-0"]
[WhiteElo "2205"]
[BlackElo "2245"]

1.c4 c6 2.Nf3 d5 3.b3 Bf5 4.Bb2 Nf6 5.g3 e6 6.Bg2 h6 7.O-O Be7 8.d3 O-O 9.Nbd2
Nbd7 10.a3 a5 11.Qc2 Bh7 12.Bc3 b5 13.cxb5 cxb5 14.Bd4 Qb8 15.Bh3 e5 16.Bb2
Rc8 17.Qd1 g5 18.Nxe5 Qd6 19.Nxd7 Nxd7 20.Nf3 h5 21.Nd4 g4 22.Bg2 Rab8 23.Qd2
Bf6 24.Rfc1 Nc5 25.b4 Bxd4 26.bxc5 Bxc5 27.Qg5+ Bg6 28.Be5 {#r} 1-0

[Event "Ch Hessen (qual)"]
[Site "masterchessopen.com - Hessen (Germany)"]
[Round "8"]
[White "Boehm Stefan Dr (GER)"]
[Black "Wolff Patrick G (USA)"]
[Result "1-0"]
[WhiteElo "2090"]
[BlackElo "2540"]

1.c4 c6 2.Nf3 d5 3.b3 Nf6 4.Bb2 e6 5.e3 Nbd7 6.Be2 Be7 7.O-O O-O 8.Qc2 Re8
9.d4 Ne4 10.Bd3 f5 11.a4 a5 12.Nc3 Rf8 13.Ne2 Rf6 14.Rad1 Rh6 15.Ne5 Qe8 16.f3
Nef6 {#r} 1-0

[Event "It (active) (b)"]
[Site "masterchessopen.com - Hungary"]
[Round "6"]
[White "Arbakov Valentin (RUS)"]
[Black "Horvath Csaba (HUN)"]
[Result "1-0"]
[WhiteElo "2444"]
[BlackElo "2517"]

1.c4 c6 2.Nf3 d5 3.b3 Bg4 4.Bb2 e6 5.Ne5 Bh5 6.g4 Bg6 7.d3 Nd7 8.Nxd7 Qxd7
9.h4 h5 10.g5 f6 11.Rg1 Kf7 12.a3 Ne7 13.Nd2 b5 14.cxb5 cxb5 15.Nf3 Rg8 16.e3
Nc6 17.Bh3 Bd6 18.Rc1 Rac8 19.b4 a5 20.bxa5 b4 21.Qa4 Nb8 22.Qxd7+ Nxd7
23.axb4 Bxd3 24.Kd2 Be4 25.Nd4 Bxb4+ 26.Ke2 {#r} 1-0

[Event "Ch Belgium"]
[Site "masterchessopen.com - Belgium"]
[Round "0"]
[White "Van Hoolandt Patrick (MNC)"]
[Black "Henris Luc (BEL)"]
[Result "1-0"]
[WhiteElo "2148"]
[BlackElo "2183"]

1.c4 c6 2.Nf3 d5 3.b3 Bg4 4.g3 dxc4 5.bxc4 Bxf3 6.exf3 e5 7.Nc3 Na6 8.Rb1 Nc5
9.Qe2 Qd4 10.Bb2 O-O-O 11.Nd5 Nd3+ 12.Qxd3 Qxd3 13.Bxd3 cxd5 14.Bf5+ Kb8
15.Bxe5+ Ka8 16.O-O Nh6 17.Bc7 Re8 18.Bd3 Re7 19.Bf4 dxc4 20.Rfc1 Rd7 21.Rxc4
Be7 22.Be4 f5 23.Bxb7+ Rxb7 24.Rxb7 Kxb7 25.Rc7+ {#r} 1-0

[Event "It (open)"]
[Site "masterchessopen.com - Finkenstein (Austria)"]
[Round "0"]
[White "Riemelmoser Oliver (AUT)"]
[Black "Beck Karl"]
[Result "1-0"]
[WhiteElo "2134"]
[BlackElo "2025"]

1.Nf3 d5 2.c4 c6 3.b3 Nf6 4.g3 Bf5 5.Bg2 Nbd7 6.O-O e6 7.Bb2 Be7 8.d3 O-O
9.Nbd2 Qc7 10.Rc1 h6 11.Rc2 g5 12.Qa1 Nh5 13.Nd4 Bh7 14.cxd5 exd5 15.Bxd5 Bc5
16.Bf3 Bg6 17.Ne4 Bd6 18.Nb5 cxb5 19.Rxc7 Bxc7 20.Bh8 f6 21.Bxh5 Bxe4 22.dxe4
Kxh8 23.Qd4 Ne5 24.Qd5 a6 25.Qxb7 Ba5 26.Rc1 {#r} 1-0

[Event "Ch Ireland (seniors)"]
[Site "masterchessopen.com - Ireland"]
[Round "1"]
[White "Kennedy Michael (IRL)"]
[Black "Hurley John (IRL)"]
[Result "1-0"]
[WhiteElo "1799"]
[BlackElo "2100"]

1.Nf3 d5 2.c4 c6 3.b3 Bf5 4.Bb2 e6 5.g3 Nd7 6.Bg2 Ngf6 7.O-O Bd6 8.d3 Qe7
9.cxd5 exd5 10.e4 dxe4 11.dxe4 Bxe4 12.Re1 O-O-O 13.Nbd2 Bxf3 14.Qxf3 Qf8
15.Rac1 Bc7 16.Bd4 Qb4 17.Nc4 Rhe8 18.Red1 Kb8 19.a3 Qf8 20.b4 Nd5 21.b5 N7b6
22.bxc6 Nxc4 23.Rxc4 Nb6 24.Rcc1 Re6 25.cxb7 Red6 26.Rxc7 Rxd4 27.Rc8+ Rxc8
28.bxc8=Q+ {#r} 1-0

[Event "It (open)"]
[Site "masterchessopen.com - Stavanger (Norway)"]
[Round "3"]
[White "Jiretorn Eva (SWE)"]
[Black "Hector Jonny (SWE)"]
[Result "0-1"]
[WhiteElo "2114"]
[BlackElo "2535"]

1.Nf3 d5 2.c4 c6 3.b3 dxc4 4.bxc4 e5 5.Nc3 Bd6 6.e3 Nf6 7.Qc2 Qe7 8.d4 e4
9.Nd2 Bf5 10.Be2 h5 11.Qb3 b6 12.a4 Nbd7 13.a5 O-O 14.Ba3 c5 15.Nb5 Bb8 16.a6
Ng4 17.Qd1 Qh4 18.g3 Qf6 19.Bxg4 hxg4 20.Qb1 Re8 21.dxc5 bxc5 22.Bb2 Be5
23.Bxe5 Nxe5 24.Ra3 Red8 25.Nc3 Rxd2 {#R} 0-1

[Event "It"]
[Site "masterchessopen.com - Budapest (Hungary)"]
[Round "0"]
[White "Stajcic Nikola (AUT)"]
[Black "Stefurak David Leo (USA)"]
[Result "1-0"]
[WhiteElo "2279"]
[BlackElo "2290"]

1.c4 c6 2.Nf3 d5 3.b3 Nf6 4.g3 Bf5 5.Ba3 Qa5 6.Qc1 g6 7.Bg2 Bg7 8.O-O Nbd7
9.Bb2 O-O 10.d3 dxc4 11.bxc4 e5 12.Bc3 Qc5 13.Nbd2 Rfe8 14.Rb1 b5 15.cxb5 cxb5
16.Qb2 Rab8 17.Rbc1 Qd6 18.Qa1 Nd5 19.Bb2 N5b6 20.Qb1 Rbc8 21.Ba1 Rxc1 22.Rxc1
a6 23.Ng5 h6 24.Nge4 Qf8 25.Bc3 Rc8 26.Ba5 Qa3 27.Rxc8+ Nxc8 28.Bb4 {#r} 1-0

[Event "It (open)"]
[Site "masterchessopen.com - Avoine (France)"]
[Round "0"]
[White "Przewoznik Jan (POL)"]
[Black "Tolkacz Konrad"]
[Result "1-0"]
[WhiteElo "2381"]
[BlackElo "2000"]

1.Nf3 c6 2.c4 d5 3.b3 Nf6 4.g3 Bf5 5.Bg2 Qc8 6.h3 h6 7.Bb2 e6 8.d3 Be7 9.Nbd2
O-O 10.g4 Bg6 11.Ne5 Bh7 12.h4 Nfd7 13.Ndf3 Nxe5 14.Nxe5 Nd7 15.Nf3 f6 16.g5
fxg5 17.hxg5 hxg5 18.Qd2 Qd8 19.Nd4 Qb6 20.O-O-O Rxf2 21.Qe3 Rf6 22.Qxg5 e5
23.Qh5 Bg6 24.Qh8+ Kf7 25.Qxa8 exd4 26.cxd5 Qc5+ 27.Kb1 {#r} 1-0

[Event "It"]
[Site "masterchessopen.com - Bojnice (Slovakia)"]
[Round "0"]
[White "Dobrotka Martin (SVK)"]
[Black "Matthey Harald (GER)"]
[Result "0-1"]
[WhiteElo "2259"]
[BlackElo "2192"]

1.Nf3 d5 2.c4 c6 3.b3 Bg4 4.Ne5 Bf5 5.d4 e6 6.e3 Bxb1 7.Rxb1 Qa5+ 8.Bd2 Bb4
9.Bxb4 Qxb4+ 10.Qd2 a5 11.cxd5 exd5 12.Bd3 Nf6 13.Ke2 Nbd7 14.Nf3 Ne4 15.Bxe4
dxe4 16.Qxb4 exf3+ {#R} 0-1

[Event "It (open)"]
[Site "masterchessopen.com - Bellheim (Germany)"]
[Round "0"]
[White "Werner Alfons (GER)"]
[Black "Mueller Sebastian (GER)"]
[Result "0-1"]
[WhiteElo "1819"]
[BlackElo "2065"]

1.c4 c6 2.Nf3 d5 3.b3 Nf6 4.Bb2 Bg4 5.g3 e6 6.Bg2 Be7 7.O-O O-O 8.d3 Nbd7
9.Nbd2 e5 10.Nxe5 Nxe5 11.Bxe5 Re8 12.Nf3 Nd7 13.Bc3 Bf6 14.Bxf6 Qxf6 15.Re1
Re7 16.Qc2 Rae8 17.Rac1 Nc5 18.d4 {#R} 0-1

[Event "Ch Poland"]
[Site "masterchessopen.com - Biala-Podlaska (Poland)"]
[Round "4"]
[White "Suleja Jaroslaw (POL)"]
[Black "Murdzia Piotr (POL)"]
[Result "0-1"]
[WhiteElo "2254"]
[BlackElo "2430"]

1.Nf3 d5 2.c4 c6 3.b3 Bg4 4.Bb2 Bxf3 5.gxf3 Nf6 6.e3 Nbd7 7.f4 e6 8.Nc3 g6
9.Qc2 Bg7 10.f5 gxf5 11.cxd5 cxd5 12.Nb5 O-O 13.Ba3 Ne4 14.Rg1 Qh4 15.Rg2 Nxf2
16.Rxf2 Bxa1 17.Bxf8 Kxf8 18.d4 Nf6 19.Ke2 Ne4 20.Rg2 Bc3 21.Qc1 Bb4 22.a3 Bd2
{#R} 0-1

[Event "It (open)"]
[Site "masterchessopen.com - Djakovo (Croatia)"]
[Round "1"]
[White "Sale Srdjan (CRO)"]
[Black "Stupin Ante (CRO)"]
[Result "1-0"]
[WhiteElo "2445"]
[BlackElo "2042"]

1.Nf3 d5 2.c4 c6 3.b3 e6 4.Bb2 f5 5.g3 Nf6 6.Bg2 Bd6 7.O-O O-O 8.d4 Bd7 9.Nbd2
h6 10.Ne5 Be8 11.Qc2 Nbd7 12.Nd3 Rb8 13.b4 Ne4 14.Nf3 Be7 15.Rfd1 Ndf6 16.Nfe5
Nd7 17.Qb3 Nd6 18.Nf4 Rf6 19.Nxe6 Rxe6 20.cxd5 Rxe5 21.dxe5 Ne4 22.dxc6+ Kh8
23.cxd7 Bxd7 24.Bxe4 fxe4 25.e6 Qb6 26.Rxd7 Rf8 27.Bd4 {#r} 1-0

[Event "Ch Bayern"]
[Site "masterchessopen.com - Lichtenfels (Germany)"]
[Round "4"]
[White "Riemer Ralf (GER)"]
[Black "Lochte Thomas (GER)"]
[Result "1-0"]
[WhiteElo "2171"]
[BlackElo "2230"]

1.Nf3 d5 2.c4 c6 3.b3 dxc4 4.bxc4 e5 5.Qc2 Bd6 6.c5 Bc7 7.Bb2 Qe7 8.e3 Nd7
9.d4 e4 10.Nfd2 f5 11.Bc4 Ngf6 12.Nc3 b6 13.Ba3 b5 14.Bxb5 cxb5 15.Nxb5 Nb8
16.c6 Qd8 17.Nc4 Ba5+ 18.Kd1 Nxc6 19.Nbd6+ Kd7 20.Qa4 Ng4 21.Nf7 Qf6 22.Nce5+
Ke8 23.Nd6+ Kd8 24.Nxc6+ Kc7 25.Qxa5+ Kxc6 26.Rc1+ Kd7 27.Rc7+ Ke6 28.d5+ Ke5
29.Nc4# 1-0

[Event "It"]
[Site "masterchessopen.com - Nettetal (Germany)"]
[Round "7"]
[White "Winants Luc (BEL)"]
[Black "Backwinkel Paul (GER)"]
[Result "1-0"]
[WhiteElo "2500"]
[BlackElo "2362"]

1.c4 c6 2.Nf3 d5 3.b3 Bg4 4.Bb2 Bxf3 5.gxf3 e6 6.Rg1 Nf6 7.e3 Nbd7 8.Nc3 a6
9.Qc2 g6 10.d4 Qb8 11.f4 b5 12.c5 Be7 13.Bd3 Nh5 14.Ne2 f5 15.a4 Ndf6 16.f3
Kf7 17.Kd2 b4 18.a5 Bd8 19.Qd1 Bc7 20.Kc2 Ra7 21.Bc1 Qd8 22.Bd2 Bxa5 23.Ra4
Bc7 24.Rxa6 Rxa6 25.Bxa6 Qa8 26.Qa1 Rb8 27.Bd3 Qb7 28.Ba6 Qa8 29.Qa4 {#r} 1-0

[Event "Ch Portugal (team)"]
[Site "masterchessopen.com - Portugal"]
[Round "0"]
[White "Reis Ernesto (BRA)"]
[Black "Galego Luis (POR)"]
[Result "0-1"]
[WhiteElo "1943"]
[BlackElo "2440"]

1.Nf3 d5 2.c4 c6 3.b3 Nf6 4.g3 dxc4 5.bxc4 e5 6.Bb2 e4 7.Ne5 Bc5 8.d4 exd3
9.exd3 Bxf2+ 10.Kxf2 Qb6+ 11.d4 Qxb2+ {#R} 0-1

[Event "Ch Bayern (w)"]
[Site "masterchessopen.com - Bayern (Germany)"]
[Round "4"]
[White "Hartlaub Marianne (GER)"]
[Black "Hackbarth Christa (AUT)"]
[Result "0-1"]
[WhiteElo "1631"]
[BlackElo "1844"]

1.Nf3 d5 2.c4 c6 3.b3 Bf5 4.d3 Nd7 5.Bb2 Ngf6 6.Nbd2 e6 7.g3 Be7 8.Bg2 Rc8
9.O-O Nc5 10.Nh4 Bg4 11.h3 Bh5 12.b4 Nxd3 13.Bxf6 Bxf6 {#R} 0-1

[Event "Memorial Weber (open)"]
[Site "masterchessopen.com - Darmstadt (Germany)"]
[Round "0"]
[White "Bockius Albert (GER)"]
[Black "Pfaff Matthias (GER)"]
[Result "1-0"]
[WhiteElo "2162"]
[BlackElo "2174"]

1.Nf3 d5 2.c4 c6 3.b3 Bg4 4.Bb2 Nd7 5.d4 Bxf3 6.exf3 e6 7.Bd3 Bd6 8.Nc3 Ne7
9.Qc2 Nf6 10.g3 g6 11.f4 Nf5 12.Nd1 Bb4+ 13.Kf1 Be7 14.Ne3 Nd6 15.Kg2 Qd7
16.Rhe1 Nf5 17.cxd5 Nxd5 18.Nxd5 exd5 19.Bxf5 gxf5 20.Ba3 {#r} 1-0

[Event "It (open)"]
[Site "masterchessopen.com - Goetzis (Austria)"]
[Round "6"]
[White "Gasser Klaus (AUT)"]
[Black "Schell John"]
[Result "0-1"]
[WhiteElo "2036"]
[BlackElo "2000"]

1.Nf3 d5 2.c4 c6 3.b3 Bg4 4.g3 e6 5.Bg2 Nd7 6.O-O Ngf6 7.Bb2 Bd6 8.d3 O-O
9.Nbd2 Qb8 10.Rc1 a5 11.Re1 a4 12.e4 dxe4 13.dxe4 Ne5 14.Qc2 Nxf3+ 15.Bxf3
axb3 16.axb3 Be5 17.Bxe5 Qxe5 18.Bxg4 Nxg4 19.c5 Qh5 20.h4 f5 21.f4 e5 22.exf5
exf4 23.Qc4+ Kh8 24.Qxf4 Rxf5 25.Qe4 Re5 26.Qf4 Rxc5 27.Ra1 {#R} 0-1

[Event "It (open)"]
[Site "masterchessopen.com - Kassel (Germany)"]
[Round "4"]
[White "Reschke Stefan (GER)"]
[Black "Schlange Stefan (GER)"]
[Result "1-0"]
[WhiteElo "2380"]
[BlackElo "2226"]

1.c4 c6 2.Nf3 d5 3.b3 Nf6 4.g3 Bf5 5.Bb2 e6 6.Bg2 Bd6 7.O-O Nbd7 8.d3 Qc7
9.Nc3 h5 10.cxd5 exd5 11.e4 Bg4 12.exd5 h4 13.dxc6 bxc6 14.Rc1 Rb8 15.Qe1+ Kf8
16.Ne4 Bxf3 17.Bxf3 hxg3 18.fxg3 Re8 19.Qf2 Nxe4 20.Bxe4 Nf6 21.Rxc6 Nxe4
22.dxe4 Rxh2 23.Kxh2 {#r} 1-0

[Event "Ch Finland (open)"]
[Site "masterchessopen.com - Lappeenranta (Finland)"]
[Round "0"]
[White "Pihlajasalo Antti (FIN)"]
[Black "Pirttilahti Janne (FIN)"]
[Result "1-0"]
[WhiteElo "2200"]
[BlackElo "2127"]

1.c4 c6 2.Nf3 d5 3.b3 Nf6 4.Bb2 g6 5.e3 Bg7 6.Be2 O-O 7.O-O Re8 8.d4 Nbd7
9.Nbd2 a5 10.cxd5 cxd5 11.Bb5 Rf8 12.Rc1 Qb6 13.a4 Ne8 14.Rxc8 Rxc8 15.Bxd7
Rc7 16.Bb5 Nd6 17.Bd3 Rfc8 18.Ba3 Nf5 19.Qb1 Qf6 20.b4 axb4 21.Bxb4 h5 22.Ba5
Rc6 23.Ne5 h4 24.Nxc6 Rxc6 25.h3 Bh6 26.Bxf5 {#r} 1-0

[Event "It (open)"]
[Site "masterchessopen.com - Oberwart (Austria)"]
[Round "1"]
[White "Mohr Georg (SLO)"]
[Black "Holzweber Martin (AUT)"]
[Result "1-0"]
[WhiteElo "2495"]
[BlackElo "2161"]

1.Nf3 d5 2.c4 c6 3.b3 Nf6 4.Bb2 Bf5 5.e3 Nbd7 6.Be2 e6 7.O-O Bd6 8.Nc3 e5
9.cxd5 cxd5 10.Nb5 Bb8 11.Ba3 Qb6 12.Rc1 Nf8 13.d4 e4 14.Qc2 Ng6 15.Ne5 Nxe5
16.dxe5 Bxe5 17.Nc7+ Bxc7 18.Qxc7 Qxc7 19.Rxc7 b6 20.Re7+ Kd8 21.Rxf7 Rg8
22.Rc1 Bg6 23.Rb7 Bf5 24.Rcc7 {#r} 1-0

[Event "Ch Moravia (open)"]
[Site "masterchessopen.com - Prerov (Czech Republic)"]
[Round "1"]
[White "Mares Jaroslav (CZE)"]
[Black "Klofac Dimitrij (CZE)"]
[Result "1-0"]
[WhiteElo "2106"]
[BlackElo "1949"]

1.c4 c6 2.b3 d5 3.Nf3 Bf5 4.Bb2 dxc4 5.bxc4 e6 6.Nc3 Nf6 7.d4 Qa5 8.Nd2 Na6
9.f3 c5 10.d5 exd5 11.cxd5 b5 12.e4 Bd7 13.a4 b4 14.Nb5 Qd8 15.Nc4 Bc8 16.e5
Nd7 17.f4 Nb6 18.Ncd6+ Bxd6 19.Nxd6+ Kf8 20.Qh5 Qc7 21.e6 Bb7 22.Bxg7+ Kxg7
23.Nf5+ Kf8 24.d6 fxe6 25.Qh6+ {#r} 1-0

[Event "It (open)"]
[Site "masterchessopen.com - Boblingen (Germany)"]
[Round "0"]
[White "Bree Gerald (GER)"]
[Black "Born Mario (GER)"]
[Result "0-1"]
[WhiteElo "2104"]
[BlackElo "2192"]

1.c4 c6 2.Nf3 d5 3.b3 Nf6 4.Bb2 Bf5 5.e3 e6 6.Be2 h6 7.O-O Bd6 8.d4 O-O 9.Nbd2
Qe7 10.Ne5 Nbd7 11.f4 Ne4 12.Kh1 Nxd2 13.Qxd2 Rad8 14.Bf3 Nf6 15.Qe2 Ne4 16.g4
Qh4 17.Rg1 Bh7 18.c5 Bxe5 19.dxe5 Rd7 20.Rg2 Rfd8 21.Bd4 b6 22.b4 bxc5 23.bxc5
Rb8 24.Kg1 Rdb7 25.Rf1 Rb1 26.f5 Ng5 27.e4 Rxf1+ 28.Qxf1 Nxf3+ {#R} 0-1

[Event "Ch Poland (team) (disctrict)"]
[Site "masterchessopen.com - Slask (Poland)"]
[Round "0"]
[White "Matyszkiewicz Marcin (POL)"]
[Black "Bablok Maciej (POL)"]
[Result "1-0"]
[WhiteElo "2080"]
[BlackElo "2130"]

1.Nf3 c6 2.c4 d5 3.b3 Bf5 4.g3 e6 5.Bb2 Nf6 6.d3 Be7 7.Bg2 Nbd7 8.Nh4 Bg4 9.h3
Bh5 10.g4 Bg6 11.Nxg6 hxg6 12.Nd2 Qc7 13.Rc1 dxc4 14.Nxc4 Bb4+ 15.Kf1 Be7
16.a3 O-O 17.Qd2 Nd5 18.h4 f5 19.g5 Qf4 20.Bxd5 {#r} 1-0

[Event "Ch Bayern (seniors) (open)"]
[Site "masterchessopen.com - Schney (Germany)"]
[Round "3"]
[White "Hartlaub Marianne (GER)"]
[Black "Rossmann Erich"]
[Result "1-0"]
[WhiteElo "1631"]
[BlackElo "1455"]

1.Nf3 d5 2.c4 c6 3.b3 Bg4 4.e3 e6 5.Bb2 Be7 6.Bxg7 Nf6 7.Bxh8 Nbd7 8.Bxf6 Bxf6
9.Be2 Qa5 10.Nc3 Bxc3 11.dxc3 {#r} 1-0

[Event "Ch Argentina (under 26) (play-off)"]
[Site "masterchessopen.com - Argentina"]
[Round "0"]
[White "Gamboa Juan Pablo (ARG)"]
[Black "Moreda Lucas (ARG)"]
[Result "0-1"]
[WhiteElo "2224"]
[BlackElo "2325"]

1.c4 c6 2.Nf3 d5 3.b3 Nf6 4.Bb2 Bf5 5.e3 Nbd7 6.Be2 e6 7.O-O Bd6 8.d4 Ne4
9.Nbd2 Qf6 10.Qc1 Qh6 11.Re1 Ndf6 12.cxd5 exd5 13.Ne5 Bb4 14.Nxe4 Nxe4 15.Rf1
O-O 16.Nf3 Rfe8 17.a3 Bd6 18.g3 Bg4 19.Qd1 Bh3 20.Re1 Nxf2 {#R} 0-1

[Event "It (seniors) (w)"]
[Site "masterchessopen.com - Ozery (Russia)"]
[Round "5"]
[White "Kiparenko Galina (RUS)"]
[Black "Belavenets Liudmila (RUS)"]
[Result "0-1"]
[WhiteElo "2043"]
[BlackElo "2190"]

1.Nf3 d5 2.c4 c6 3.b3 Nf6 4.g3 Bf5 5.Bb2 e6 6.Bg2 Nbd7 7.O-O h6 8.d3 Bd6
9.Nbd2 O-O 10.Rc1 Qe7 11.Nh4 Bh7 12.Bh3 g5 13.cxd5 cxd5 14.Kh1 gxh4 15.gxh4
Be5 16.d4 Bd6 17.f3 Nh5 18.Qe1 Nf4 19.Bg2 Kh8 20.Rg1 Nxg2 21.Rxg2 Rg8 22.Rxg8+
Rxg8 23.e4 Bf4 24.Rc2 Qf6 {#R} 0-1

[Event "Tournament"]
[Site "masterchessopen.com - Provence (France)"]
[Round "5"]
[White "Nobili Denis (FRA)"]
[Black "Wilfert Fabrice (FRA)"]
[Result "1-0"]
[WhiteElo "1988"]
[BlackElo "1888"]

1.c4 c6 2.Nf3 d5 3.b3 Bf5 4.Bb2 e6 5.e3 Nf6 6.d3 Bd6 7.Be2 Nbd7 8.Nbd2 O-O
9.Nd4 Bg6 10.g4 Nc5 11.Nf1 Nxg4 12.b4 Nxd3+ 13.Bxd3 Bxb4+ 14.Ke2 Bh5 15.Nf3
dxc4 16.Bxc4 Qc7 17.Rg1 Ne5 18.Rg3 Bxf3+ 19.Rxf3 Nxc4 20.Rg3 f6 21.Qd4 Qe5
22.Rxg7+ Kxg7 23.Qg4+ Qg5 24.Qxg5+ {#r} 1-0

[Event "Ch Europe (juniors) (under 12) (g)"]
[Site "masterchessopen.com - Tallinn (Estonia)"]
[Round "1"]
[White "Mehbalieva Nurlana (AZE)"]
[Black "Bashkite Viktoria (EST)"]
[Result "0-1"]
[WhiteElo "2035"]
[BlackElo "2180"]

1.Nf3 d5 2.c4 c6 3.b3 Nf6 4.Bb2 Bf5 5.g3 e6 6.Bg2 Nbd7 7.O-O Bd6 8.d4 O-O
9.Nbd2 Qe7 10.Ne5 Bc7 11.f4 Nxe5 12.fxe5 Ng4 13.a4 Ne3 14.Ba3 Qxa3 15.Rxa3
Nxd1 16.Rxd1 Ba5 17.Ra2 Rfd8 {#R} 0-1